Osobnosť pracovníka kontroly

Závislosť kvality a efektívnosti výkonu štátnej správy a samosprávy od kvality kontroly. Vymedzenie základných atribútov osobnosti kontrolóra vo verejnej správe. Pojmy osobnosti v psychológii. Práca kontrolóra. Kultúra a kreativita kontrolóra. Aspekty ovplyvňujúce kreativitu. Perspektíva prípravy ko...

Descripción completa

Guardado en:
Detalles Bibliográficos
Autor principal: Benčo, Ján
Formato: Capítulo de libro
Lenguaje:eslovaco
Materias:
Etiquetas: Agregar Etiqueta
Sin Etiquetas, Sea el primero en etiquetar este registro!

MARC

LEADER 00000naa a2200000 4500
001 r018890
005 20221213101354.2
041 0 |a slo 
044 |a SK 
245 1 0 |a Osobnosť pracovníka kontroly  |c Ján Benčo 
520 |a Závislosť kvality a efektívnosti výkonu štátnej správy a samosprávy od kvality kontroly. Vymedzenie základných atribútov osobnosti kontrolóra vo verejnej správe. Pojmy osobnosti v psychológii. Práca kontrolóra. Kultúra a kreativita kontrolóra. Aspekty ovplyvňujúce kreativitu. Perspektíva prípravy kontrolórov. Formulácia cieľovej orientácie prípravy kontrolóra pre oblasť štátnej správy a samosprávy. 
610 2 0 |a kontrola 
610 2 0 |a kontrola štátna 
610 2 0 |a kontrola verejná 
610 2 0 |a kontrolóri 
610 2 0 |a kreativita 
610 2 0 |a osobnosť 
610 2 0 |a psychológia 
610 2 0 |a pojmy 
610 2 0 |a správa štátna 
610 2 0 |a samospráva 
100 1 |a Benčo, Ján